Countries of Asia by Population - Statistics

General Stats
  • This quiz has been taken 38 times
    30 since last reset
  • The average score is 40 of 48
Answer Stats
Population Country % Correct
164 mil B Bangladesh
100%
1,439 mil C China
100%
1,380 mil I India
100%
273 mil I Indonesia
100%
83.9 mil I Iran
100%
126 mil J Japan
100%
220 mil P Pakistan
100%
109 mil P Philippines
100%
97.3 mil V Vietnam
100%
84.3 mil T Turkey
96%
40.2 mil I Iraq
92%
54.4 mil M Myanmar
92%
34.8 mil S Saudi Arabia
92%
51.2 mil S South Korea
92%
69.7 mil T Thailand
92%
33.4 mil U Uzbekistan
92%
29.8 mil Y Yemen
92%
6.52 mil K Kyrgyzstan
88%
32.3 mil M Malaysia
88%
25.7 mil N North Korea
88%
5.10 mil O Oman
88%
18.7 mil K Kazakhstan
84%
7.27 mil L Laos
84%
2.88 mil Q Qatar
84%
6.03 mil T Turkmenistan
84%
38.9 mil A Afghanistan
80%
16.7 mil C Cambodia
80%
6.82 mil L Lebanon
80%
29.1 mil N Nepal
80%
23.8 mil T Taiwan
80%
437 k B Brunei
76%
10.2 mil J Jordan
76%
4.27 mil K Kuwait
76%
5,85 mil S Singapore
76%
10.1 mil A Azerbaijan
72%
1.70 mil B Bahrain
72%
1.31 mil E East Timor
72%
3.98 mil G Georgia
72%
8.65 mil I Israel
72%
21.4 mil S Sri Lanka
72%
9.89 mil U United Arab Emirates
72%
2.96 mil A Armenia
68%
3.27 mil M Mongolia
68%
9.53 mil T Tajikistan
68%
540 k M Maldives
64%
17.5 mil S Syria
64%
771 k B Bhutan
60%
1.20 mil C Cyprus
52%
No matching quizzes found
Score Distribution
Percent of People with Each Score
Percentile by Number Answered
Your Score History
You have not taken this quiz since the last reset